Greek alphabet - Statistics

General Stats
  • This quiz has been taken 157 times
  • The average score is 19 of 24
Answer Stats
Hint Answer % Correct
A α Alpha
100%
B β Beta
100%
Δ δ Delta
96%
Ω ω Omega
96%
E ε Epsilon
91%
Γ γ Gamma
91%
Π π Pi
87%
M μ Mu
85%
Σ σ/ς Sigma
85%
Z ζ Zeta
85%
Λ λ Lambda
82%
K κ Kappa
81%
Φ φ Phi
81%
Θ θ Theta
81%
N ν Nu
74%
O o Omicron
74%
P ρ Rho
74%
Ξ ξ Xi
73%
I ι Iota
72%
Ψ ψ Psi
72%
Y υ Upsilon
69%
T τ Tau
68%
H η Eta
64%
X χ Chi
63%
No matching quizzes found
Score Distribution
Percent of People with Each Score
Percentile by Number Answered
Your Score History
You have not taken this quiz